000 00755nam a2200193 u 4500
001 000028952
005 20240316073901.0
008 100812s2003 dr r 000 0 spa d
040 _aDO-SdBNP
_bspa
_cBNPHU
082 _axxx
_bH557p
100 1 _aHernández Flores, Ismael
_923299
245 1 3 _aEl proyecto de constitución de Duarte /
_cIsmael Hernández Flores; editor Tomás Castro Burdiez.
250 _a2a ed.
260 _a[Santo Domingo ] :
_bFundación para la Educación y el Arte (EDUCARTE),
_c2003.
300 _a24 p. ;
_c23 cm.
490 1 _aCuadernos Educativos y Culturales
_vno. 1
_aIndependecia nacional
700 _aCastro, Tomás,
_d1959-
_eed.
_924641
830 0 _aCuadernos Educativos y Culturales
_vno. 1
_pIndependencia nacional
_955895
999 _c28444
_d28444